Numerical solution of stochastic differential equations

Uloženo v:
Podrobná bibliografie
Hlavní autoři: Kloeden, Peter E (Autor), Platen, Eckhard (Autor)
Médium: Kniha
Jazyk:angličtina
Vydáno: Berlín Springer 1992
Edice:Aplications of Mathematics, 23
Témata:
Tagy: Přidat tag
Žádné tagy, Buďte první, kdo vytvoří štítek k tomuto záznamu!

MARC

LEADER 00000nam a2200000 a 4500
001 UCI9734
003 CL-VaPUC
008 081204e19920000GW |||||||||||||||||eng|d
020 |a 3540540628 
082 0 4 |a 519.2  |b KLO  |2 21 
100 0 |a Kloeden, Peter E  |e author  |9 533650 
700 0 |a Platen, Eckhard  |e author  |9 533651 
245 1 0 |a Numerical solution of stochastic differential equations 
300 |a 636 p 
942 |c BK 
945 |d 20081204 00:00:00  |a jtorresc 
260 |a Berlín  |b Springer  |c 1992 
650 7 |a ECUACIONES DIFERENCIALES ESTOCASTICAS  |2 CL-VaPUC  |9 269935 
583 |a last modification  |c 20081204 00:00:00  |k Rodrigo Vera 
490 0 |a Aplications of Mathematics, 23 
999 |c 332216  |d 332214 
952 |0 0  |1 0  |4 0  |6 519_200000000000000_KLO_1992  |7 0  |8 A  |9 419727  |a BIBGIM  |b BIBGIM  |d 2019-11-22  |i 4503201  |l 4  |m 8  |o 519.2 KLO 1992  |p 4503201  |r 2025-03-24  |s 2024-07-04  |w 2019-11-22  |y BK  |k EST